WWE - Scott Steiner's PPV Opponents - Statistics

General Stats
  • This quiz has been taken 340 times
  • The average score is 16 of 28
Answer Stats
Year Event Match Type Answer % Correct
2003 Royal Rumble Triple H
97%
2003 No Way Out Triple H
97%
2003 Survivor Series 5 vs 5 Elimination Match Shawn Michaels
80%
2003 Insurrextion Test
76%
2003 Bad Blood Test
76%
2003 Unforgiven Test
76%
2003 Survivor Series 5 vs 5 Elimination Match Booker T
72%
2003 Survivor Series 5 vs 5 Elimination Match Bubba Ray Dudley
67%
2003 Armageddon Tag Team Match Bubba Ray Dudley
67%
2003 Survivor Series 5 vs 5 Elimination Match D-Von Dudley
67%
2003 Armageddon Tag Team Match D-Von Dudley
67%
2003 Survivor Series 5 vs 5 Elimination Match Rob Van Dam
66%
1993 Survivor Series 4 vs. 4 Elimination Match Yokozuna
58%
1993 King of the Ring 8-Man Tag Team Match Ted DiBiase
53%
1993 WrestleMania IX Tag Team Match Fatu
52%
1993 King of the Ring 8-Man Tag Team Match Fatu
52%
1993 WrestleMania IX Tag Team Match Samu
50%
1993 King of the Ring 8-Man Tag Team Match Samu
50%
1993 King of the Ring 8-Man Tag Team Match Irwin R. Schyster
48%
1993 Survivor Series 4 vs. 4 Elimination Match Crush
45%
2003 Judgment Day Tag Team Match Rene Dupree
41%
2003 Judgment Day Tag Team Match Sylvain Grenier
39%
1993 Survivor Series 4 vs. 4 Elimination Match Ludvig Borga
37%
1993 Survivor Series 4 vs. 4 Elimination Match Jacques Rougeau
36%
1993 Royal Rumble Tag Team Match Beau Beverly
33%
1993 Royal Rumble Tag Team Match Blake Beverly
33%
1993 SummerSlam Tag Team Match Tom Prichard
33%
1993 SummerSlam Tag Team Match Jimmy Del Rey
32%
No matching quizzes found
Score Distribution
Percent of People with Each Score
Percentile by Number Answered
Your Score History
You have not taken this quiz